Home improvements. (Record no. 17664)

000 -LEADER
fixed length control field 01205nam a22002297a 4500
003 - CONTROL NUMBER IDENTIFIER
control field OkBaRHE
005 - DATE AND TIME OF LATEST TRANSACTION
control field 20110517215708.0
008 - FIXED-LENGTH DATA ELEMENTS--GENERAL INFORMATION
fixed length control field 110128t xxu||||| |||| 00| 0 eng d
020 ## - INTERNATIONAL STANDARD BOOK NUMBER
International Standard Book Number 1893575136
040 ## - CATALOGING SOURCE
Transcribing agency
050 ## - LIBRARY OF CONGRESS CALL NUMBER
Classification number BV 4526.3
Item number .B87
100 ## - MAIN ENTRY--PERSONAL NAME
Personal name Bulter, Keith A.
Titles and other words associated with a name Bishop
9 (RLIN) 585
245 ## - TITLE STATEMENT
Title Home improvements.
260 ## - PUBLICATION, DISTRIBUTION, ETC. (IMPRINT)
Place of publication, distribution, etc Southfield, MI
Name of publisher, distributor, etc Word of Faith Publishing
Date of publication, distribution, etc 2001
300 ## - PHYSICAL DESCRIPTION
Extent 337 p.
Dimensions 24 cm.
520 ## - SUMMARY, ETC.
Summary, etc Whether you have a family in crisis or just want to enhance your family relationships, you can improve the quality of your home life from the teaching contained in this book.
Expansion of summary note Includes:
How to be a successful man and prepare yourself for marriage
The basics of a harmonious home
The battle for independence
The responsibilities of godly parenting
Divorce and remarriage
Blended families: Preparations and pitfalls
How to have a satisfying sex life
Plus many more!
650 ## - SUBJECT ADDED ENTRY--TOPICAL TERM
Topical term or geographic name as entry element Family
General subdivision Religious life.
9 (RLIN) 586
650 ## - SUBJECT ADDED ENTRY--TOPICAL TERM
Topical term or geographic name as entry element Marriage
General subdivision Religious aspects
Form subdivision Christianity.
9 (RLIN) 587
700 ## - ADDED ENTRY--PERSONAL NAME
Personal name Butler, Deborah
Titles and other words associated with a name Minister
9 (RLIN) 588
942 ## - ADDED ENTRY ELEMENTS (KOHA)
Source of classification or shelving scheme
Koha item type Books
Copies
Not for loan Damaged status Current Location Koha item type Date acquired Source of classification or shelving scheme Shelving location Date last seen Lost status Full call number Copy number Withdrawn status Price effective from Barcode Permanent Location
  RHEMA Bible Training CollegeBooks2011-01-28 General Stacks2011-03-17 BV 4526.3 .B871 2011-01-2821944RHEMA Bible Training College